000 00516nam a2200157 4500
999 _c4977
_d4977
008 160930b xxu||||| |||| 00| 0 eng d
022 _a16565649
082 _aDPer 303.405 H22 May-Sept 2015 n. 6-10
100 _915617
_aVelasco, Marvin R.
245 _aMotorola moto x:
_b2nd generation/
_cMarvin R. Velasco.
260 _aQuezon City:
_bHardware Zone Phils. Corp.,
_c©2015.
300 _av11 i10, page 36;
_c30 cm.
500 _aHWM Philippines.
650 0 _915618
_aCellular telephones
942 _2ddc
_cPER